From Dolmen tombs to Heaven's gate (Record no. 1113359)

MARC details
000 -LEADER
fixed length control field 00935nam a2200313Ia 4500
003 - CONTROL NUMBER IDENTIFIER
control field OSt
005 - DATE AND TIME OF LATEST TRANSACTION
control field 20221006160455.0
008 - FIXED-LENGTH DATA ELEMENTS--GENERAL INFORMATION
fixed length control field 221006b |||||||| |||| 00| 0 eng d
020 ## - INTERNATIONAL STANDARD BOOK NUMBER
International Standard Book Number 9788962971460
-- 2.64
037 ## - SOURCE OF ACQUISITION
Terms of availability Textual
040 ## - CATALOGING SOURCE
Original cataloging agency EASL
Transcribing agency EASL
Language of cataloging eng
041 ## - LANGUAGE CODE
Source of code eng
Language code of text/sound track or separate title eng
100 ## - MAIN ENTRY--PERSONAL NAME
Personal name Young Hoon Kim
9 (RLIN) 673766
245 #0 - TITLE STATEMENT
Title From Dolmen tombs to Heaven's gate
260 ## - PUBLICATION, DISTRIBUTION, ETC.
Place of publication, distribution, etc. Gyeonggi
Name of publisher, distributor, etc. Jimoondang Korea
Date of publication, distribution, etc. 2013
300 ## - PHYSICAL DESCRIPTION
Extent 167p.
Dimensions cm.
490 ## - SERIES STATEMENT
Volume/sequential designation KEL
650 ## - SUBJECT ADDED ENTRY--TOPICAL TERM
Topical term or geographic name entry element KEL
650 ## - SUBJECT ADDED ENTRY--TOPICAL TERM
Topical term or geographic name entry element Korea - Changdeokgung Palace
650 ## - SUBJECT ADDED ENTRY--TOPICAL TERM
Topical term or geographic name entry element Korea - Historic areas of gyeongju
9 (RLIN) 673767
650 ## - SUBJECT ADDED ENTRY--TOPICAL TERM
Topical term or geographic name entry element Korea - Hunminjeongum
9 (RLIN) 673768
650 ## - SUBJECT ADDED ENTRY--TOPICAL TERM
Topical term or geographic name entry element Korea - Jongmyo Shrine
942 ## - ADDED ENTRY ELEMENTS (KOHA)
Classification part Y:1.495, Q3
Koha item type Textual
Source of classification or shelving scheme Colon Classification (CC)
Holdings
Withdrawn status Lost status Source of classification or shelving scheme Materials specified (bound volume or other part) Damaged status Not for loan Home library Current library Date acquired Source of acquisition Serial Enumeration / chronology Total Checkouts Full call number Barcode Date last seen Price effective from Koha item type
    Colon Classification (CC) 2.64     Department of East Asian Studies Library Department of East Asian Studies Library 2022-10-06 Gift, KCC (Window on Korea) KEL   Y:1.495 Q3 EA1397931 2022-10-06 2022-10-06 Textual
Copyright @ Delhi University Library System